000 00454nam a2200121Ia 4500
008 220620s9999||||xx |||||||||||||| ||und||
100 _aMarletta, Andrea
245 0 _aChapter Sizing & Allocation in Labour Market: business strategies and multivariate analysis
546 _aEnglish[eng]
650 _aLabour Market||Multivariate analysis||Number of employees
856 _uhttps://library.oapen.org/bitstream/20.500.12657/56375/1/26241.pdf
942 _cEB
999 _c27002
_d27002